Általános célú neurális hálózat tesztelése különböző adatbázisokon

Absztrakt: Két rejtett réteget tartalmazó, előrecsatolt, teljes összeköttetésű neurális hálózatot teszteltünk több adatbázison. A teszt célja, hogy az adott rendszer milyen hibaszázalékkal képes az input adatokból a várható értékeket előre jelezni, és alkalmas-e gyakorlati feladatok előrejelzésére....

Teljes leírás

Elmentve itt :
Bibliográfiai részletek
Szerzők: Benkő-Kiss Árpád
Fabulya Zoltán
Hampel György
Dokumentumtípus: Cikk
Megjelent: 2022
Sorozat:JELENKORI TÁRSADALMI ÉS GAZDASÁGI FOLYAMATOK 17 No. 3-4
Tárgyszavak:
doi:10.14232/jtgf.2022.3-4.37-46

mtmt:33577600
Online Access:http://publicatio.bibl.u-szeged.hu/27748
LEADER 02055nab a2200253 i 4500
001 publ27748
005 20230630151638.0
008 230630s2022 hu o 0|| Magyar d
022 |a 1788-7593 
024 7 |a 10.14232/jtgf.2022.3-4.37-46  |2 doi 
024 7 |a 33577600  |2 mtmt 
040 |a SZTE Publicatio Repozitórium  |b hun 
041 |a Magyar 
100 2 |a Benkő-Kiss Árpád 
245 1 0 |a Általános célú neurális hálózat tesztelése különböző adatbázisokon  |h [elektronikus dokumentum] /  |c  Benkő-Kiss Árpád 
260 |c 2022 
300 |a 37-46 
490 0 |a JELENKORI TÁRSADALMI ÉS GAZDASÁGI FOLYAMATOK  |v 17 No. 3-4 
520 3 |a Absztrakt: Két rejtett réteget tartalmazó, előrecsatolt, teljes összeköttetésű neurális hálózatot teszteltünk több adatbázison. A teszt célja, hogy az adott rendszer milyen hibaszázalékkal képes az input adatokból a várható értékeket előre jelezni, és alkalmas-e gyakorlati feladatok előrejelzésére. A Python scriptnyelven fejlesztett grafikus felülettel rendelkező rendszer rugalmasan paraméterezhető, mind a hálózat mérete, struktúrája változtatható, tehát adaptálható különböző méretű adatbázisok vizsgálatára. Abstract: We tested a feedforward, fully connected neural network with two hidden layers on several databases. The purpose of the test is to determine with what percentage of errors the given system is able to predict the expected values from the input data, and whether it is suitable for predicting practical tasks. The system with a graphical interface developed in the Python script language can be flexibly parameterized, and the size and structure of the network can be changed, so it can be adapted to the examination of databases of different sizes. 
650 4 |a Számítás- és információtudomány 
650 4 |a Egyéb műszaki tudományok és technológiák 
700 0 1 |a Fabulya Zoltán  |e aut 
700 0 1 |a Hampel György  |e aut 
856 4 0 |u http://publicatio.bibl.u-szeged.hu/27748/1/37-46BenkoFabulyaHampel.pdf  |z Dokumentum-elérés